Repensar la formación de catequistas

Uloženo v:
Podrobná bibliografie
Hlavní autor: Ginel, Álvaro (Autor)
Médium: Kniha
Jazyk:španělština
Vydáno: Buenos Aires Claretiana 2010
Vydání:1a. ed
Témata:
Tagy: Přidat tag
Žádné tagy, Buďte první, kdo vytvoří štítek k tomuto záznamu!

MARC

LEADER 00000cam a2200000 a 4500
001 UCC2537
003 CL-VaPUC
008 180309e20100000ag |||||||||||||||||spa|d
020 |a 9789505127344 
082 0 4 |a 268.6  |b GIN  |2 21 
100 |a Ginel, Álvaro  |e author  |9 596599 
245 1 0 |a Repensar la formación de catequistas 
250 |a 1a. ed 
300 |a 108 p 
942 |c BK 
945 |d 20180309 22:06:00  |a dcastane 
260 |a Buenos Aires  |b Claretiana  |c 2010 
650 7 |a CATEQUISTAS  |2 CL-VaPUC  |9 481683 
650 0 |a Catequesis  |9 314526 
650 0 |a Educación religiosa   |9 308312 
650 7 |a PASTORAL CRISTIANA  |2 CL-VaPUC  |9 398048 
583 |a last modification  |c 20180309 22:06:00  |k Rodrigo Vera 
999 |c 370616  |d 370614 
952 |0 0  |1 0  |3 erb  |4 0  |6 268_600000000000000_GIN_2010  |7 0  |8 A  |9 487162  |a BIBTEO  |b BIBTEO  |i 545333K  |o 268.6 GIN 2010  |p 545333K  |r 2025-01-17  |w 2019-11-24  |y BK  |z Catalogado en:20180309  |k ICR